000 00933nas a2200313 4500
001 BR2015003940
003 BR-BrBNA
005 20231205125538.0
007 ta
008 230509b bl.|||p| |||| 00| 00por d
040 _aBR-BrBNA
_bpor
_cBiblioteca Nacional de Agricultura
041 _a(En)
072 _aN20
100 1 _aZaidan, S.E.
100 1 _aGadanha Junior, C.D.
100 1 _aGandolfo, M.A.
100 1 _aPontelli, C.O.
100 1 _aMosquini, W.W.
245 1 _aPerformance of spray nozzles in land applications with high speed
650 _aPULVERIZADOR
650 _aIMPLEMENTO AGRICOLA
650 _aSOJA
650 _aVELOCIDADE
650 _aANALISE
773 0 _tEngenharia Agrícola (Brazil)
_xISSN 1809-4430
_g(Nov-Dec 2012), v. 32(6) p. 1126-1132
_wBR2015003940
856 4 0 _uhttp://www.scielo.br/pdf/eagri/v32n6/14.pdf
909 _a202311
_bLúcia
_c55
_dLúcia Elande
942 _2AGRIS
_n0
_cANA
999 _c244861
_d244861